000 00559nam a2200217Ia 4500
003 OSt
005 20220918191938.0
006 a|||||r|||| 00| 0
007 ta
008 220917b |||||||| |||| 00| 0 eng d
024 _a66,078
037 _cTextual
040 _aARTS
_cARTS
_beng
041 _2eng
_aeng
082 _aR2, N1
100 _aReyerabend Paul K
_977809
245 0 _aThree dialogues on knowledge
260 _aOxford
_bbasil Blackwell
_c1991
942 _hR2, N1
_cTEXL
_2CC
999 _c192312
_d192312